00990nam0a22002651 4500001003100000005001700031010001800048035002600066100004100092101001300133102000700146105001800153200014700171205003300318210001800351215002800369300012900397320003500526620001700561686002500578701004600603801002700649801002300676852002500699RU\INFOCOMM_322\NLR\500023206320250613112338.0 a5-03-000008-9 a(NLR Aleph) 009607980 a20130314d1988 |||y0rusy50 ca1 aengcrus aRU ay z |||||1 aOptical instrumentationeTheory a. des.fB. N. Begunov, N. P. Zakaznov, S. I. Kiryushin, V. I. Kuzichevg[Transl. form the Russ. by M. Edelev] aRev. from the 1981 Russ. ed. aM.cMird1988 a453 с.cил.d22 см aВ вып. дан.: Теория оптических систем / Борис Николаевич Бегунов и др. aБиблиогр.: с. 447-448 aМосква aВ342.2я73-12rubbk 1aBegunovbB. N.f-1972gBoris Nikolaevič 1aRUbInfocommc20130314 0aRUbINFOCOMMgPSBO aNLRjФз01 Д-5/444